| 000 | 00746cam a22002531 4500 | ||
|---|---|---|---|
| 001 | 18855 | ||
| 003 | BD-RjUL | ||
| 005 | 20211209000338.0 | ||
| 008 | 140222s1955 nyua 000 0 eng d | ||
| 035 | _a(BD-RjUL) 18913 | ||
| 035 | _a(OCoLC)512167 | ||
| 040 |
_aDLC _cODaWU _dViBlbV _dOkAlC _dDLC _dBD-RjUL _beng |
||
| 041 | _aeng | ||
| 082 | 0 | 0 |
_221 _a720.947 _bGRS 1955 |
| 100 | 1 |
_aGropius, Walter, _d1883-1969. _958142 |
|
| 245 | 1 | 0 |
_aScope of total architecture / _c Walter, Gropius |
| 260 |
_aNew York : _bHarper, _c1955 |
||
| 300 |
_axxii, 185 p. : _billus. ; _c20 cm. |
||
| 490 | 0 |
_aWorld perspectives, _vv. 3 |
|
| 650 | 0 |
_aArchitecture, Modern _y20th century. _950847 |
|
| 942 |
_2ddc _cBK |
||
| 999 |
_c18855 _d18855 |
||